000 01185nam a2200217Ia 4500
003 Ost
005 20260507075353.0
008 260507s9999||||xx |||||||||||||| ||und||
020 _a60533599579
040 _cfsecg
041 _aara
082 _a330
100 _aالجمل، جمال جويدان
_eمؤلف
245 0 _aالتجارة الخارجية /
_c جمال جويدان الجمل
260 _aعمان:
_bمركز الكتاب الأكاديمي,
_c2013
300 _a318 صفحة؛
_bإيضاحات ؛
_c24 سم
520 _aالتجارة الخارجية- نظريات التجارة الخارجية- الأساليب النظرية في التجارة الخارجية- السياسات التجارية الخارجية- السياسة التجارية في حالة الدولة الكبيرة ومظاهر فشل السوق- مزايا وعيوب الحماية التجارية- الإتفاقية العامة للتجارة والتعرفة الجمركية( الجات)- التجارة الخارجية في الأردن
653 _aالتجارة الخارجية
653 _aالتجارة الخارجية- الأردن
942 _cكتاب
999 _c44172
_d44172